Indo-Pakistan relations, 1947-1955 / (Record no. 21426)

MARC details
000 -LEADER
fixed length control field 00942cam a22003011 4500
001 - CONTROL NUMBER
control field 7481347
003 - CONTROL NUMBER IDENTIFIER
control field BDDh-ASL
005 - DATE AND TIME OF LATEST TRANSACTION
control field 20231015030007.0
008 - FIXED-LENGTH DATA ELEMENTS--GENERAL INFORMATION
fixed length control field 780519s19581960ne b b 000 0 eng c
010 ## - LIBRARY OF CONGRESS CONTROL NUMBER
LC control number a 59003379
015 ## - NATIONAL BIBLIOGRAPHY NUMBER
National bibliography number GB59-4882
035 ## - SYSTEM CONTROL NUMBER
System control number (OCoLC)3910892
040 ## - CATALOGING SOURCE
Original cataloging agency Harvard Univ. Library
Transcribing agency OAk
Modifying agency NcRS
-- Uk
-- DLC
-- BDDh-ASL
042 ## - AUTHENTICATION CODE
Authentication code premarc
050 00 - LIBRARY OF CONGRESS CALL NUMBER
Classification number DS383.5.I5
Item number D3 1958
082 ## - DEWEY DECIMAL CLASSIFICATION NUMBER
Classification number 327.5405
Item number GUI
100 1# - MAIN ENTRY--PERSONAL NAME
Personal name Das Gupta, Jyoti Bhusan.
245 10 - TITLE STATEMENT
Title Indo-Pakistan relations, 1947-1955 /
260 ## - PUBLICATION, DISTRIBUTION, ETC.
Place of publication, distribution, etc. Amsterdam:
Name of publisher, distributor, etc. Djambatan
Date of publication, distribution, etc. [1960]
300 ## - PHYSICAL DESCRIPTION
Extent xii, 254 p.
Other physical details maps.
Dimensions 23 cm.
500 ## - GENERAL NOTE
General note Issued also as thesis, University of Amsterdam.
504 ## - BIBLIOGRAPHY, ETC. NOTE
Bibliography, etc. note Bibliography: p. 245-251.
650 #0 - SUBJECT ADDED ENTRY--TOPICAL TERM
9 (RLIN) 1531
Topical term or geographic name entry element International Relations
651 #0 - SUBJECT ADDED ENTRY--GEOGRAPHIC NAME
Geographic name India
General subdivision Foreign relations
Geographic subdivision Pakistan.
651 #0 - SUBJECT ADDED ENTRY--GEOGRAPHIC NAME
Geographic name Pakistan
General subdivision Foreign relations
Geographic subdivision India.
906 ## - LOCAL DATA ELEMENT F, LDF (RLIN)
a 7
b cbc
c oclcrpl
d u
e ncip
f 19
g y-gencatlg
942 ## - ADDED ENTRY ELEMENTS (KOHA)
Source of classification or shelving scheme Dewey Decimal Classification
Koha item type Books
Holdings
Withdrawn status Lost status Source of classification or shelving scheme Damaged status Not for loan Collection code Home library Current library Shelving location Date acquired Source of acquisition Total Checkouts Full call number Barcode Date last seen Copy number Price effective from Koha item type
    Dewey Decimal Classification     Non-fiction Asiatic Society Library Asiatic Society Library General Stacks 02/01/2021 ASB Collection   327.5405 GUI 105138 02/01/2021 C-1 02/01/2021 Books

Powered by Koha